Schnelle Mathematik: Vielfachen von 17 - Statistiken

Allgemein
  • Dieses Quiz wurde 298 mal gespielt
  • Das Durchschnittsergebnis liegt bei 6 aus 10
Antwortstatistiken
Hint Antwort % Korrekt
1*17 17
100%
2*17 34
95%
3*17 51
86%
4*17 68
79%
5*17 85
73%
6*17 102
59%
7*17 119
45%
8*17 136
35%
10*17 170
35%
9*17 153
32%
Keine übereinstimmenden Quizze gefunden
Verteilung der Resultate
Anzahl Personen mit jedem Resultat
Perzentil nach korrekt beantworteten Fragen
Ihre Resultats-Entwicklung
Sie haben dieses Quiz noch nicht gespielt